000 00342nam a2200145Ia 4500
008 221030s9999 xx 000 0 und d
041 _aEnglish
082 _a105.23
_bGup
100 _aS. K. Gupta
245 0 _aModern`s ABC of Physics Vol II
260 _bModern Pub.
_aNew Delhi
_c1993
300 _a921
650 _aPhysics
942 _cBK
999 _c1070
_d1070